000 00481pab a2200181 454500
008 180718b2011 xxu||||| |||| 00| 0 eng d
100 _aHayakawa, Kazunobu
245 _aSpatial distribution of industrial production: A comparison of East Asia and Europe
260 _c2011
300 _ap.363-381.
362 _aDec
650 _aIndustrial production
700 _aObashi, Ayako
700 _aJi, Zheng
773 _aDeveloping Economies
908 _aN
909 _a94831
999 _c94831
_d94831